[Event "Montreal Saturday op 11"]
[Site "Montreal CAN"]
[Date "2009.11.25"]
[Round "2"]
[White "Neumark-Gaudet, Zev"]
[Black "Lescarbeau, Martin"]
[Result "1/2-1/2"]
[WhiteElo "1548"]
[BlackElo "1541"]
[PlyCount "117"]
[GameId "2160767910030248"]
[EventDate "2009.11.18"]
[EventType "tourn"]
[EventRounds "5"]
[EventCountry "CAN"]
[SourceTitle "EXT 2011"]
[Source "ChessBase"]
[SourceDate "2011.11.26"]
[SourceVersion "1"]
[SourceVersionDate "2011.11.26"]
[SourceQuality "1"]

1. e4 c5 2. Nc3 Nc6 3. f4 g6 4. Nf3 Bg7 5. Bc4 e6 6. Bb5 Nge7 7. d3 a6 8. Bxc6 Nxc6 9. f5 O-O 10. O-O d5 11. Bg5 f6 12. Bd2 d4 13. Ne2 exf5 14. Ng3 fxe4 15. Nxe4 b6 16. Qe1 f5 17. Neg5 Re8 18. Qg3 Ne5 19. Nxe5 Bxe5 20. Qh4 Ra7 21. Qh6 Qf6 22. Rae1 Qg7 23. Qxg7+ Kxg7 24. Nf3 Rae7 25. Nxe5 Rxe5 26. Rxe5 Rxe5 27. Re1 Kf6 28. Bg5+ Ke6 29. Rxe5+ Kxe5 30. g3 b5 31. Kf2 a5 32. a4 Bd7 33. Bd8 c4 34. axb5 cxd3 35. cxd3 Bxb5 36. Bxa5 Bxd3 37. Ke1 Ke4 38. Kd2 Bb5 39. Bc7 h6 40. h4 g5 41. hxg5 hxg5 42. Bd8 f4 43. gxf4 gxf4 44. Bh4 Kf3 45. Ke1 Ke3 46. Bf2+ Kd3 47. Kd1 f3 48. b4 Ke4 49. Kd2 d3 50. Bc5 Kf4 51. Bf2 Kg4 52. Ke3 Bc4 53. Be1 Bb5 54. Bf2 Kh3 55. Be1 Kg2 56. Bh4 Kf1 57. Bg3 Kg2 58. Be1 Kh3 59. Kxf3 1/2-1/2

[Event "Montreal Saturday op 11"]
[Site "Montreal CAN"]
[Date "2009.12.02"]
[Round "3"]
[White "Chesnut, Walter"]
[Black "Lange, Holger"]
[Result "1/2-1/2"]
[WhiteElo "1596"]
[BlackElo "1614"]
[PlyCount "38"]
[GameId "2160767910030249"]
[EventDate "2009.11.18"]
[EventType "tourn"]
[EventRounds "5"]
[EventCountry "CAN"]

1. e4 Nf6 2. e5 Nd5 3. d4 d6 4. c4 Nb6 5. exd6 exd6 6. Nf3 Bg4 7. Bd3 Nc6 8. Be3 Be7 9. Nbd2 O-O 10. a3 Re8 11. O-O Bf6 12. Qc2 g6 13. h3 Bxf3 14. Nxf3 Rc8 15. Rad1 Qe7 16. Rfe1 Qf8 17. b4 Qg7 18. Bf1 Ne7 19. Bd3 Nc6 1/2-1/2

[Event "Montreal Saturday op 11"]
[Site "Montreal CAN"]
[Date "2009.12.02"]
[Round "3"]
[White "Cvetkovic, Simeon"]
[Black "Dumont, Felix"]
[Result "0-1"]
[WhiteElo "1933"]
[BlackElo "1936"]
[PlyCount "62"]
[GameId "2160767910030251"]
[EventDate "2009.11.18"]
[EventType "tourn"]
[EventRounds "5"]
[EventCountry "CAN"]
[SourceTitle "EXT 2011"]
[Source "ChessBase"]
[SourceDate "2011.11.26"]
[SourceVersion "1"]
[SourceVersionDate "2011.11.26"]
[SourceQuality "1"]

1. e4 c5 2. Nc3 d6 3. f4 g6 4. Bc4 Bg7 5. Nf3 e6 6. O-O Nc6 7. d3 Nge7 8. Qe1 O-O 9. Qh4 Nd4 10. Bb3 b5 11. Nxd4 Bxd4+ 12. Kh1 Rb8 13. Ne2 Nc6 14. Qg3 Bg7 15. c3 a5 16. f5 a4 17. Bc2 exf5 18. Bf4 h5 19. exf5 Bxf5 20. Bxd6 Re8 21. Ng1 Rc8 22. Bf4 Ne5 23. Bxe5 Bxe5 24. Qf2 Qc7 25. Nf3 Bg4 26. Nxe5 Rxe5 27. Bd1 Bxd1 28. Raxd1 Rce8 29. Rd2 Qe7 30. Kg1 Rf5 31. Qg3 h4 0-1

[Event "Montreal Saturday op 11"]
[Site "Montreal CAN"]
[Date "2009.12.02"]
[Round "3"]
[White "Gagnon, Serge"]
[Black "Levkovsky, Alexandre"]
[Result "0-1"]
[WhiteElo "1954"]
[BlackElo "2217"]
[PlyCount "64"]
[GameId "2160767910030252"]
[EventDate "2009.11.18"]
[EventType "tourn"]
[EventRounds "5"]
[EventCountry "CAN"]
[SourceTitle "EXT 2011"]
[Source "ChessBase"]
[SourceDate "2011.11.26"]
[SourceVersion "1"]
[SourceVersionDate "2011.11.26"]
[SourceQuality "1"]

1. d4 d5 2. c4 dxc4 3. Nf3 a6 4. e3 Bg4 5. Bxc4 e6 6. h3 Bh5 7. d5 exd5 8. Qxd5 Qxd5 9. Bxd5 c6 10. Bb3 Nd7 11. Nc3 Ngf6 12. Nh4 Bb4 13. a3 Ba5 14. O-O Nc5 15. Bc2 Bxc3 16. bxc3 Be2 17. Re1 Bd3 18. Bxd3 Nxd3 19. Rd1 O-O-O 20. f3 g6 21. e4 Nxc1 22. Raxc1 Rxd1+ 23. Rxd1 Rd8 24. Rxd8+ Kxd8 25. Kf2 Ne8 26. Ke3 Nd6 27. Kd3 g5 28. Nf5 Nxf5 29. exf5 Ke7 30. Kd4 Kd6 31. a4 b5 32. axb5 cxb5 0-1

[Event "Montreal Saturday op 11"]
[Site "Montreal CAN"]
[Date "2009.12.02"]
[Round "3"]
[White "Gauthier, Luc"]
[Black "Gates, Claude-Eric"]
[Result "0-1"]
[WhiteElo "1700"]
[BlackElo "1683"]
[PlyCount "76"]
[GameId "2160767910030253"]
[EventDate "2009.11.18"]
[EventType "tourn"]
[EventRounds "5"]
[EventCountry "CAN"]
[SourceTitle "EXT 2011"]
[Source "ChessBase"]
[SourceDate "2011.11.26"]
[SourceVersion "1"]
[SourceVersionDate "2011.11.26"]
[SourceQuality "1"]

1. e4 e5 2. f4 d5 3. exd5 exf4 4. Nf3 Nf6 5. Bc4 Nxd5 6. O-O Be7 7. Nc3 Nxc3 8. bxc3 Nc6 9. d4 Qd6 10. a4 Bg4 11. Ba3 Qf6 12. Re1 O-O 13. Bb2 Rad8 14. Bd3 Bd6 15. c4 Bxf3 16. Qxf3 Rfe8 17. c3 Na5 18. Qh5 g5 19. Qxh7+ Kf8 20. c5 Be7 21. Re5 Qg7 22. Qh5 Nc6 23. Rf5 Bf6 24. Bc4 Ne7 25. Bxf7 Nxf5 26. Bxe8 Rxe8 27. Ba3 c6 28. d5 Qf7 29. Qxf7+ Kxf7 30. d6 Rd8 31. Rb1 Rd7 32. Bb2 Ne3 33. c4 Nxc4 34. Bxf6 Kxf6 35. h4 Nd2 36. hxg5+ Kxg5 37. Rd1 Ne4 38. Kf1 Nxc5 0-1

[Event "Montreal Saturday op 11"]
[Site "Montreal CAN"]
[Date "2009.12.02"]
[Round "3"]
[White "Guindon, Alex"]
[Black "Neumark-Gaudet, Zev"]
[Result "0-1"]
[WhiteElo "1487"]
[BlackElo "1548"]
[PlyCount "78"]
[GameId "2160767910030254"]
[EventDate "2009.11.18"]
[EventType "tourn"]
[EventRounds "5"]
[EventCountry "CAN"]
[SourceTitle "EXT 2011"]
[Source "ChessBase"]
[SourceDate "2011.11.26"]
[SourceVersion "1"]
[SourceVersionDate "2011.11.26"]
[SourceQuality "1"]

1. d4 d5 2. Nf3 Nf6 3. Bf4 c5 4. e3 Nc6 5. c3 Bf5 6. Bd3 Bxd3 7. Qxd3 e6 8. Nbd2 Be7 9. h3 c4 10. Qc2 b5 11. O-O a5 12. e4 b4 13. exd5 exd5 14. Qa4 Qb6 15. Ne5 Rc8 16. Rfe1 Qb7 17. Nxc6 Rxc6 18. Rxe7+ Kxe7 19. Re1+ Re6 20. Rxe6+ fxe6 21. Qxa5 Ra8 22. Qc5+ Kf7 23. a3 bxa3 24. bxa3 Qb2 25. Qc7+ Kg8 26. Qe7 Re8 27. Qb4 Qxb4 28. cxb4 Ra8 29. Nb1 Ne4 30. f3 Nf6 31. b5 Nd7 32. Bd6 e5 33. dxe5 d4 34. f4 c3 35. Nxc3 dxc3 36. Bb4 c2 37. Bd2 Rxa3 38. Kf2 Ra1 39. e6 Nc5 0-1

[Event "Montreal Saturday op 11"]
[Site "Montreal CAN"]
[Date "2009.12.02"]
[Round "3"]
[White "Khudaverdian, Berj"]
[Black "Keane-McCarney, Eamon"]
[Result "1-0"]
[WhiteElo "1782"]
[BlackElo "1640"]
[PlyCount "109"]
[GameId "2160767910030255"]
[EventDate "2009.11.18"]
[EventType "tourn"]
[EventRounds "5"]
[EventCountry "CAN"]
[SourceTitle "EXT 2011"]
[Source "ChessBase"]
[SourceDate "2011.11.26"]
[SourceVersion "1"]
[SourceVersionDate "2011.11.26"]
[SourceQuality "1"]

1. Nf3 c5 2. g3 d5 3. Bg2 Nf6 4. d3 g6 5. O-O Bg7 6. Nbd2 O-O 7. c3 Nc6 8. Re1 Re8 9. Qc2 e5 10. e4 b6 11. h3 Bb7 12. Kh2 Rc8 13. Nh4 Rc7 14. a3 a6 15. Rb1 b5 16. Nb3 Qd6 17. f4 Rcc8 18. Qf2 Ne7 19. Na5 Ba8 20. fxe5 Qxe5 21. Bf4 Qe6 22. exd5 Qb6 23. d6 g5 24. Be5 gxh4 25. Bxf6 hxg3+ 26. Qxg3 Nf5 27. d7 Nxg3 28. Rxe8+ Rxe8 29. dxe8=Q+ Bf8 30. Be7 Nf1+ 31. Rxf1 Qc7+ 32. Kg1 Qxe7 33. Qxe7 Bxe7 34. Bxa8 Bd8 35. Nc6 Bb6 36. c4 Kg7 37. Kg2 f6 38. Bb7 Kh6 39. Rxf6+ Kh5 40. Kf3 Kg5 41. Rd6 bxc4 42. dxc4 h5 43. Rd5+ Kh4 44. Ne5 Kxh3 45. Ng6 h4 46. Bc8+ Kh2 47. Rd2+ Kg1 48. Nxh4 Ba5 49. Rd1+ Kh2 50. Nf5 Bc7 51. Nd6 Ba5 52. Kf2 Bc7 53. Rd5 Bd8 54. Rh5+ Bh4+ 55. Rxh4# 1-0

[Event "Montreal Saturday op 11"]
[Site "Montreal CAN"]
[Date "2009.12.02"]
[Round "3"]
[White "Matheson, Ben"]
[Black "Dubois, Laurent"]
[Result "1-0"]
[WhiteElo "1569"]
[BlackElo "1566"]
[PlyCount "47"]
[GameId "2160767910030257"]
[EventDate "2009.11.18"]
[EventType "tourn"]
[EventRounds "5"]
[EventCountry "CAN"]
[SourceTitle "EXT 2011"]
[Source "ChessBase"]
[SourceDate "2011.11.26"]
[SourceVersion "1"]
[SourceVersionDate "2011.11.26"]
[SourceQuality "1"]

1. e4 e6 2. d4 d5 3. e5 c5 4. c3 Nc6 5. Nf3 Bd7 6. Bd3 Qb6 7. O-O cxd4 8. cxd4 Nge7 9. Kh1 Nb4 10. Nc3 Nxd3 11. Qxd3 Ng6 12. a3 Be7 13. b4 O-O 14. Be3 a6 15. Rfc1 Rfc8 16. Ra2 f6 17. Rac2 fxe5 18. dxe5 Qd8 19. Nxd5 exd5 20. Qxd5+ Kh8 21. Qxb7 Rxc2 22. Rxc2 Nxe5 23. Rd2 Nxf3 24. Rxd7 1-0

[Event "Montreal Saturday op 11"]
[Site "Montreal CAN"]
[Date "2009.12.02"]
[Round "3"]
[White "Pozdnyakov, Alexander"]
[Black "Pilotte, Benoit"]
[Result "1-0"]
[WhiteElo "1704"]
[BlackElo "1786"]
[PlyCount "61"]
[GameId "2160767910030258"]
[EventDate "2009.11.18"]
[EventType "tourn"]
[EventRounds "5"]
[EventCountry "CAN"]
[SourceTitle "EXT 2011"]
[Source "ChessBase"]
[SourceDate "2011.11.26"]
[SourceVersion "1"]
[SourceVersionDate "2011.11.26"]
[SourceQuality "1"]

1. f4 e5 2. fxe5 d6 3. exd6 Bxd6 4. Nf3 g5 5. g3 g4 6. Nh4 Nf6 7. d4 Nc6 8. c3 Rg8 9. Qd3 Qe7 10. Bg2 Be6 11. Nf5 Qd7 12. Nxd6+ cxd6 13. O-O Rg6 14. d5 Ne5 15. dxe6 fxe6 16. Qc2 Rc8 17. Be3 Nc4 18. Bf2 b5 19. Nd2 Na5 20. Ne4 Nd5 21. Rad1 Nc4 22. Qc1 Qe7 23. b3 Ne5 24. Nxd6+ Qxd6 25. e4 Qa6 26. exd5 Qxa2 27. Qf4 Nf3+ 28. Bxf3 gxf3 29. Qxf3 Qxb3 30. Bxa7 Rxc3 31. Qf8+ 1-0

[Event "Montreal Saturday op 11"]
[Site "Montreal CAN"]
[Date "2009.12.02"]
[Round "3"]
[White "Sonn, Eric"]
[Black "Chenard, Yanick"]
[Result "1/2-1/2"]
[WhiteElo "1480"]
[BlackElo "1440"]
[PlyCount "104"]
[GameId "2160767910030259"]
[EventDate "2009.11.18"]
[EventType "tourn"]
[EventRounds "5"]
[EventCountry "CAN"]
[SourceTitle "EXT 2011"]
[Source "ChessBase"]
[SourceDate "2011.11.26"]
[SourceVersion "1"]
[SourceVersionDate "2011.11.26"]
[SourceQuality "1"]

1. e4 e5 2. Nf3 Nc6 3. Bb5 a6 4. Ba4 Nf6 5. Qe2 b5 6. Bb3 d6 7. c3 Be7 8. d3 O-O 9. O-O Na5 10. Bc2 c5 11. Rd1 Bb7 12. Nbd2 Qc7 13. Nf1 c4 14. Ng3 Rfd8 15. Nf5 d5 16. Bg5 cxd3 17. Bxd3 dxe4 18. Bxe4 Bxe4 19. Nxe7+ Qxe7 20. Bxf6 Qxf6 21. Qxe4 Nc6 22. Kf1 Qe6 23. b3 f5 24. Qe2 e4 25. Nd4 Nxd4 26. cxd4 Rd5 27. a4 b4 28. Rac1 Rad8 29. Rc4 Qb6 30. Qe3 a5 31. h4 Qg6 32. Rdc1 Qf6 33. Rc5 Rxd4 34. Rxa5 Rd1+ 35. Rxd1 Rxd1+ 36. Ke2 Rd8 37. Qc1 Qxh4 38. Qc4+ Kh8 39. Rd5 Qh5+ 40. Kd2 Rxd5+ 41. Qxd5 h6 42. a5 Qg5+ 43. Kc2 Qxg2 44. Qd2 Qg6 45. Qxb4 f4 46. Kd2 Qc6 47. Qb8+ Kh7 48. Qxf4 Qd5+ 49. Kc1 Qc5+ 50. Kb2 Qd4+ 51. Ka2 Qd5 52. Kb2 Qd4+ 1/2-1/2

[Event "Montreal Saturday op 11"]
[Site "Montreal CAN"]
[Date "2009.12.09"]
[Round "4"]
[White "Ber, Alexandre"]
[Black "Chesnut, Walter"]
[Result "1/2-1/2"]
[WhiteElo "1602"]
[BlackElo "1596"]
[PlyCount "98"]
[GameId "2160767910030260"]
[EventDate "2009.11.18"]
[EventType "tourn"]
[EventRounds "5"]
[EventCountry "CAN"]

1. d4 d5 2. c4 c6 3. Nf3 Nf6 4. e3 Bg4 5. Nc3 e6 6. b3 Bb4 7. Bd2 Qa5 8. Nb1 Ne4 9. Be2 Bxf3 10. Bxf3 Bxd2+ 11. Nxd2 Nxd2 12. Qxd2 Qxd2+ 13. Kxd2 Nd7 14. cxd5 exd5 15. Rac1 Nf6 16. b4 a6 17. a4 O-O 18. Rc2 g5 19. h3 h5 20. g3 Rfe8 21. h4 g4 22. Bg2 Ne4+ 23. Bxe4 Rxe4 24. Rhc1 Re6 25. b5 axb5 26. axb5 Rf6 27. Ke2 Rc8 28. bxc6 Rfxc6 29. Rxc6 bxc6 30. f3 f5 31. fxg4 hxg4 32. Rf1 Rf8 33. Kd3 Kg7 34. Kc3 Kf6 35. Kb4 Re8 36. Re1 Kg6 37. Kc5 Re6 38. Re2 Kh5 39. Rf2 Kg6 40. h5+ Kg5 41. Rh2 Rh6 42. Kb4 Kf6 43. Kc5 Kg5 44. Kb4 Kf6 45. Ka5 Ke6 46. Kb6 Kd6 47. Rh1 Kd7 48. Kc5 Kc7 49. Rh2 Kd7 1/2-1/2

[Event "Montreal Saturday op 11"]
[Site "Montreal CAN"]
[Date "2009.12.09"]
[Round "4"]
[White "Bergeron, Rene"]
[Black "Dubois, Laurent"]
[Result "1-0"]
[WhiteElo "1548"]
[BlackElo "1566"]
[PlyCount "25"]
[GameId "2160767910030262"]
[EventDate "2009.11.18"]
[EventType "tourn"]
[EventRounds "5"]
[EventCountry "CAN"]
[SourceTitle "EXT 2011"]
[Source "ChessBase"]
[SourceDate "2011.11.26"]
[SourceVersion "1"]
[SourceVersionDate "2011.11.26"]
[SourceQuality "1"]

1. e4 e6 2. c4 d5 3. cxd5 exd5 4. exd5 Qxd5 5. Nc3 Qa5 6. Bc4 Nf6 7. Qb3 Qe5+ 8. Nge2 Be6 9. Bxe6 fxe6 10. Qxb7 Bc5 11. Qxa8 O-O 12. Qf3 Nc6 13. Qxc6 1-0

[Event "Montreal Saturday op 11"]
[Site "Montreal CAN"]
[Date "2009.12.09"]
[Round "4"]
[White "Keane-McCarney, Eamon"]
[Black "Gates, Claude-Eric"]
[Result "1-0"]
[WhiteElo "1640"]
[BlackElo "1683"]
[PlyCount "163"]
[GameId "2160767910030264"]
[EventDate "2009.11.18"]
[EventType "tourn"]
[EventRounds "5"]
[EventCountry "CAN"]
[SourceTitle "EXT 2011"]
[Source "ChessBase"]
[SourceDate "2011.11.26"]
[SourceVersion "1"]
[SourceVersionDate "2011.11.26"]
[SourceQuality "1"]

1. e4 e5 2. Nf3 Nf6 3. Nxe5 d6 4. Nf3 Nxe4 5. Nc3 Nxc3 6. dxc3 Be7 7. Be3 Nc6 8. Be2 Bf5 9. O-O O-O 10. Qd2 Ne5 11. Nd4 Bd7 12. Bf4 Bf6 13. Rad1 Qc8 14. c4 Nc6 15. Nb5 Be6 16. Nxc7 Qxc7 17. Bxd6 Qd8 18. Bxf8 Qxf8 19. c3 g6 20. b3 Qg7 21. Rc1 Rd8 22. Qe3 b6 23. c5 Rb8 24. Rfd1 Ne7 25. cxb6 axb6 26. Bf3 Nf5 27. Qd3 Nh4 28. Be4 Be5 29. Rc2 Qf6 30. g3 Qg5 31. Kh1 Nf5 32. f4 Qh5 33. g4 Qxg4 34. fxe5 Qf4 35. Rf1 Qxe5 36. Re2 Qc7 37. Rd1 Rc8 38. c4 Ng7 39. Qd6 Qa7 40. Bd5 Ne8 41. Qe5 Bg4 42. Rf1 Bf5 43. Qg3 Ng7 44. Qd6 Rf8 45. Re7 Ne8 46. Bxf7+ Rxf7 47. Rxe8+ Kg7 48. Qe5+ Kh6 49. Qf4+ Kg7 50. Qd4+ Kh6 51. Qh4+ Kg7 52. Rxf5 Qb7+ 53. Qe4 Qxe4+ 54. Rxe4 Rxf5 55. Re7+ Kf6 56. Rxh7 Rf1+ 57. Kg2 Ra1 58. Ra7 Kf5 59. Ra6 g5 60. Rxb6 Rxa2+ 61. Kg3 Rc2 62. Rb5+ Ke6 63. Rxg5 Rc3+ 64. Kg4 Rxb3 65. h4 Rb4 66. Rc5 Rb8 67. h5 Kd6 68. Rd5+ Ke6 69. Kg5 Rb4 70. Rd4 Ke5 71. Rg4 Rb8 72. Kh4 Rh8 73. c5 Kd5 74. Rg5+ Kc6 75. Rf5 Rg8 76. h6 Rg1 77. Kh5 Rh1+ 78. Kg6 Kc7 79. h7 Kc6 80. Rh5 Rg1+ 81. Kh6 Re1 82. h8=Q 1-0

[Event "Montreal Saturday op 11"]
[Site "Montreal CAN"]
[Date "2009.12.09"]
[Round "4"]
[White "Khudaverdian, Berj"]
[Black "Pozdnyakov, Alexander"]
[Result "1-0"]
[WhiteElo "1782"]
[BlackElo "1704"]
[PlyCount "49"]
[GameId "2160767910030265"]
[EventDate "2009.11.18"]
[EventType "tourn"]
[EventRounds "5"]
[EventCountry "CAN"]
[SourceTitle "EXT 2011"]
[Source "ChessBase"]
[SourceDate "2011.11.26"]
[SourceVersion "1"]
[SourceVersionDate "2011.11.26"]
[SourceQuality "1"]

1. Nf3 f5 2. d4 Nf6 3. g3 e6 4. Bg2 Be7 5. c4 O-O 6. Nc3 d6 7. Bg5 Ne4 8. Bxe7 Qxe7 9. O-O Nxc3 10. bxc3 e5 11. dxe5 dxe5 12. Qd5+ Kh8 13. Qxe5 Nc6 14. Qxe7 Nxe7 15. Ne5 c6 16. Rab1 a5 17. Rfd1 Ra7 18. f4 Ng6 19. Nd7 Rd8 20. Nb6 Rxd1+ 21. Rxd1 Be6 22. Rd8+ Bg8 23. Bh3 c5 24. Bxf5 Ra6 25. Nd5 1-0

[Event "Montreal Saturday op 11"]
[Site "Montreal CAN"]
[Date "2009.12.09"]
[Round "4"]
[White "Lange, Holger"]
[Black "Matheson, Ben"]
[Result "1-0"]
[WhiteElo "1614"]
[BlackElo "1569"]
[PlyCount "63"]
[GameId "2160767910030266"]
[EventDate "2009.11.18"]
[EventType "tourn"]
[EventRounds "5"]
[EventCountry "CAN"]
[SourceTitle "EXT 2011"]
[Source "ChessBase"]
[SourceDate "2011.11.26"]
[SourceVersion "1"]
[SourceVersionDate "2011.11.26"]
[SourceQuality "1"]

1. e4 e6 2. d4 d5 3. Nd2 Nf6 4. e5 Nfd7 5. Ndf3 c5 6. c3 Qb6 7. Bd3 Nc6 8. Ne2 f6 9. exf6 Nxf6 10. O-O Bd6 11. b3 O-O 12. Be3 Ng4 13. dxc5 Bxc5 14. Bxc5 Qxc5 15. h3 Nge5 16. Nxe5 Nxe5 17. Bc2 Bd7 18. Qd4 Qxd4 19. Nxd4 Rac8 20. Rac1 g6 21. Bb1 Nc6 22. Nf3 e5 23. Rfd1 Bxh3 24. Rxd5 Be6 25. Rd6 Rfe8 26. Be4 Bf7 27. Rcd1 Re6 28. Rd7 Rb8 29. Ng5 Rf6 30. Nxf7 Rxf7 31. Bd5 Nd8 32. Rxd8+ 1-0

[Event "Montreal Saturday op 11"]
[Site "Montreal CAN"]
[Date "2009.12.09"]
[Round "4"]
[White "Lescarbeau, Martin"]
[Black "Guindon, Alex"]
[Result "0-1"]
[WhiteElo "1541"]
[BlackElo "1487"]
[PlyCount "68"]
[GameId "2160767910030267"]
[EventDate "2009.11.18"]
[EventType "tourn"]
[EventRounds "5"]
[EventCountry "CAN"]
[SourceTitle "EXT 2011"]
[Source "ChessBase"]
[SourceDate "2011.11.26"]
[SourceVersion "1"]
[SourceVersionDate "2011.11.26"]
[SourceQuality "1"]

1. d4 Nf6 2. Nf3 g6 3. Bf4 Bg7 4. h3 O-O 5. e3 d6 6. c4 c5 7. Nc3 a6 8. Be2 Nbd7 9. O-O b6 10. d5 Bb7 11. e4 Ne8 12. Qc2 Nc7 13. Rab1 f5 14. Bh2 fxe4 15. Nxe4 b5 16. b3 b4 17. Nfg5 Nf6 18. h4 Bc8 19. h5 Bf5 20. hxg6 Bxg6 21. Bd3 Nxe4 22. Bxe4 Rf6 23. Nxh7 Kxh7 24. f4 Qd7 25. Rf3 Bxe4 26. Qxe4+ Qf5 27. Rh3+ Kg8 28. Qe1 Kf7 29. Rb2 Rh8 30. Re2 e6 31. Rxh8 Bxh8 32. Qh4 Bg7 33. g4 Rh6 34. Qxh6 Qxg4+ 0-1

[Event "Montreal Saturday op 11"]
[Site "Montreal CAN"]
[Date "2009.12.09"]
[Round "4"]
[White "Levkovsky, Alexandre"]
[Black "Cvetkovic, Simeon"]
[Result "0-1"]
[WhiteElo "2217"]
[BlackElo "1933"]
[PlyCount "100"]
[GameId "2160767910030268"]
[EventDate "2009.11.18"]
[EventType "tourn"]
[EventRounds "5"]
[EventCountry "CAN"]
[SourceTitle "EXT 2011"]
[Source "ChessBase"]
[SourceDate "2011.11.26"]
[SourceVersion "1"]
[SourceVersionDate "2011.11.26"]
[SourceQuality "1"]

1. e4 c5 2. Nf3 d6 3. d4 cxd4 4. Nxd4 Nf6 5. Nc3 g6 6. Be3 Bg7 7. f3 O-O 8. Qd2 Nc6 9. g4 Nxd4 10. Bxd4 Be6 11. Nd5 Bxd5 12. exd5 Qc7 13. h4 Rfe8 14. O-O-O a6 15. h5 Rac8 16. Rh2 b5 17. hxg6 hxg6 18. g5 Nh5 19. Bh3 Rb8 20. Bg4 Qc4 21. Bxh5 Qxd4 22. Qxd4 Bxd4 23. Rxd4 gxh5 24. Rxh5 Kg7 25. Rdh4 Kg6 26. f4 Rbc8 27. Rh7 Rf8 28. Kd2 Rc5 29. Kd3 Kf5 30. R7h5 Rxd5+ 31. Ke3 Rc8 32. g6+ Ke6 33. Rxd5 Kxd5 34. gxf7 Rf8 35. Rh5+ Ke6 36. a4 bxa4 37. Ra5 Kxf7 38. Rxa4 Rb8 39. b4 Ke6 40. c3 Rb6 41. Ra5 Kd7 42. Kd4 Kc6 43. f5 Kc7 44. Kd5 Kd7 45. Kc4 Kc6 46. Rxa6 d5+ 47. Kd4 Rxa6 48. Ke5 Ra1 49. b5+ Kxb5 50. Kxd5 Ra6 0-1

[Event "Montreal Saturday op 11"]
[Site "Montreal CAN"]
[Date "2009.12.09"]
[Round "4"]
[White "Neumark-Gaudet, Zev"]
[Black "Sonn, Eric"]
[Result "0-1"]
[WhiteElo "1548"]
[BlackElo "1480"]
[PlyCount "106"]
[GameId "2160767910030269"]
[EventDate "2009.11.18"]
[EventType "tourn"]
[EventRounds "5"]
[EventCountry "CAN"]
[SourceTitle "EXT 2011"]
[Source "ChessBase"]
[SourceDate "2011.11.26"]
[SourceVersion "1"]
[SourceVersionDate "2011.11.26"]
[SourceQuality "1"]

1. e4 c5 2. Nc3 Nc6 3. f4 e6 4. Nf3 a6 5. a4 Nge7 6. Bc4 Nd4 7. Nxd4 cxd4 8. Ne2 Nc6 9. d3 d5 10. exd5 exd5 11. Ba2 Be7 12. O-O O-O 13. f5 Bf6 14. Nf4 Ne7 15. Nh5 Be5 16. f6 Nf5 17. fxg7 Nxg7 18. Nxg7 Kxg7 19. Qh5 Qd6 20. Bh6+ Qxh6 21. Qxe5+ Kg8 22. Rf3 Rd8 23. Rg3+ Kf8 24. Re1 Be6 25. Bxd5 Rxd5 26. Qh8+ Ke7 27. Qxa8 Rd7 28. Qg8 Rd5 29. Qg4 Kd7 30. Qe4 Qd2 31. Rg7 Kd6 32. Qe2 Qh6 33. Rg3 Qh4 34. Qe4 Qh6 35. c4 dxc3 36. bxc3 Kc7 37. Rge3 Qg7 38. Qb4 Rd7 39. c4 Qd4 40. a5 Rd6 41. Kh1 h6 42. Qb3 Qf4 43. Re4 Qd2 44. d4 Qxa5 45. d5 Bd7 46. Rb1 b6 47. Qb4 Qa2 48. c5 Rg6 49. d6+ Kc8 50. g3 b5 51. Qb3 Qxb3 52. Rxb3 Bc6 53. Rbe3 Re6 0-1

[Event "Montreal Saturday op 11"]
[Site "Montreal CAN"]
[Date "2009.12.09"]
[Round "4"]
[White "Pilotte, Benoit"]
[Black "Gauthier, Luc"]
[Result "1-0"]
[WhiteElo "1786"]
[BlackElo "1700"]
[PlyCount "75"]
[GameId "2160767910030270"]
[EventDate "2009.11.18"]
[EventType "tourn"]
[EventRounds "5"]
[EventCountry "CAN"]
[SourceTitle "EXT 2011"]
[Source "ChessBase"]
[SourceDate "2011.11.26"]
[SourceVersion "1"]
[SourceVersionDate "2011.11.26"]
[SourceQuality "1"]

1. d4 d5 2. c4 Nc6 3. Bf4 Bf5 4. Qa4 e6 5. Nc3 Bb4 6. a3 Bxc3+ 7. bxc3 Nge7 8. Nf3 h6 9. Ne5 O-O 10. g4 Bh7 11. Bg2 Nxe5 12. dxe5 c6 13. h4 Qc7 14. Bg3 b5 15. cxb5 cxb5 16. Qd4 Rfc8 17. Kd2 Qa5 18. Qb4 Qxb4 19. axb4 Rc4 20. Ra5 Rac8 21. Rxa7 Nc6 22. Ra3 Rxg4 23. Rha1 Rc4 24. e3 Bf5 25. Bf1 Rg4 26. Be2 Rxg3 27. fxg3 Nxe5 28. Ra8 Rxa8 29. Rxa8+ Kh7 30. Bxb5 Nf3+ 31. Ke2 Bg4 32. Bd3+ g6 33. b5 Ne5+ 34. Kd2 Nf3+ 35. Kc1 Ne5 36. Kc2 Kg7 37. b6 Nc6 38. b7 1-0

[Event "Montreal Saturday op 11"]
[Site "Montreal CAN"]
[Date "2009.12.16"]
[Round "5"]
[White "Chenard, Yanick"]
[Black "Neumark-Gaudet, Zev"]
[Result "1-0"]
[WhiteElo "1440"]
[BlackElo "1548"]
[PlyCount "41"]
[GameId "2160767910030271"]
[EventDate "2009.11.18"]
[EventType "tourn"]
[EventRounds "5"]
[EventCountry "CAN"]
[SourceTitle "EXT 2011"]
[Source "ChessBase"]
[SourceDate "2011.11.26"]
[SourceVersion "1"]
[SourceVersionDate "2011.11.26"]
[SourceQuality "1"]

1. e4 d5 2. exd5 Qxd5 3. Nc3 Qa5 4. d4 c6 5. Nf3 Nf6 6. Bc4 Bf5 7. Bd2 Qc7 8. Ne5 e6 9. Bg5 Be7 10. g4 Nxg4 11. Bxe7 Nxe5 12. dxe5 Qxe7 13. Qd2 Qc5 14. O-O-O O-O 15. Qf4 b5 16. Bd3 Bxd3 17. Rxd3 Na6 18. Ne4 Qe7 19. Rg1 Kh8 20. Rxg7 Kxg7 21. Nf6 1-0

[Event "Montreal Saturday op 11"]
[Site "Montreal CAN"]
[Date "2009.12.16"]
[Round "5"]
[White "Cvetkovic, Simeon"]
[Black "Lange, David"]
[Result "1/2-1/2"]
[WhiteElo "1933"]
[BlackElo "1978"]
[PlyCount "84"]
[GameId "2160767910030272"]
[EventDate "2009.11.18"]
[EventType "tourn"]
[EventRounds "5"]
[EventCountry "CAN"]
[SourceTitle "EXT 2011"]
[Source "ChessBase"]
[SourceDate "2011.11.26"]
[SourceVersion "1"]
[SourceVersionDate "2011.11.26"]
[SourceQuality "1"]

1. e4 c5 2. Nc3 d6 3. f4 Nc6 4. Bc4 e6 5. Nf3 Nf6 6. Qe2 a6 7. a4 Be7 8. d3 O-O 9. O-O Re8 10. Kh1 b6 11. e5 dxe5 12. fxe5 Nd5 13. Qe4 Nxc3 14. bxc3 Bb7 15. Qg4 Qc7 16. Bf4 Bf8 17. Ng5 h6 18. Ne4 Kh8 19. Rae1 Ne7 20. Nd6 Ng6 21. Nxf7+ Qxf7 22. Bg3 Nxe5 23. Bxe5 Qd7 24. Qg6 Kg8 25. Re2 Bd5 26. Bb3 Re7 27. Ref2 Rd8 28. Bf6 Bxb3 29. cxb3 Qxd3 30. Qxd3 Rxd3 31. Bxe7 Bxe7 32. Re2 Bf6 33. Rxe6 Bxc3 34. Rxb6 a5 35. Rb8+ Kh7 36. Rb7 Bb4 37. Rb1 Re3 38. Rd7 Rc3 39. Rc7 Rd3 40. Re7 Rc3 41. Rc7 Rd3 42. Re7 Rc3 1/2-1/2